La filosofía actual
Shranjeno v:
| Glavni avtor: | |
|---|---|
| Format: | Knjiga |
| Jezik: | Undetermined |
| Izdano: |
México, Distrito Federal
Fondo de Cultura Económica
1955
|
| Izdaja: | 3 |
| Teme: | |
| Oznake: |
Označite
Brez oznak, prvi označite!
|
MARC
| LEADER | 00000nam a2200000Ia 4500 | ||
|---|---|---|---|
| 008 | 170316s9999 xx 000 0 und d | ||
| 040 | |a cru BVZT | ||
| 090 | |a 100 B-45f | ||
| 100 | |a Bochenski, I. M. |9 1247 | ||
| 245 | |a La filosofía actual |c / I. M. Bochenski | ||
| 250 | |a 3 | ||
| 260 | |a México, Distrito Federal |b Fondo de Cultura Económica |c 1955 | ||
| 300 | |a 335páginas | ||
| 505 | |r Análisis histórico sobre el panorama contemporáneo de la filosofía. Se presentan los modos en que se gesta la filosofía en este contexto histórico, seguidamente, se presentan las diversas filosofías gestadas a partir de su interés central, a saber, la filosofía de la materia, de la idea, de la vida, de la esencia, de la existencia y del ser. | ||
| 650 | |a FILOSOFÍA |9 5 | ||
| 999 | |c 15735 |d 15735 | ||
| 942 | |c 15 D |h 100 B-45f |2 z | ||
